00586nam a22001932 4500001001100000005001700011008004100028020001700069040001500086100003300101245009000134250001300224260003900237300001700276650003300293700003100326700003200357852000300389000001945520151217152155.0101116s xx 000 0 eng d a0538451289 : aKABUcKABU1 aFraedrich, John.@000017827410aEthical decision making for business /cJohn Fraedrich, O. C. Ferrell, Linda Ferrell. a8th ed. aMason, OH :bSouth-Western,c2011. axxi, 521 p. 0aBusiness ethics.@00001491801 aFerrell, O. C.@00001514891 aFerrell, Linda.@00001782751